Представление документа в формате MARC21

Поле Инд. ПП Название Значение
Тип записи a
Библиографический уровень a
001 Контрольный номер 4879b7df8a474003ac1c08a2fd23b327
005 Дата корректировки 20150824104114.4
040 a Служба первич. каталог. НБ ТвГУ
b Код языка каталог. rus
e Правила каталог. PSBO
041 0_ a Код языка текста rus
097 b Оператор korjnina
098 b Факультет Иностранных языков и международной коммуникации
c Кафедра английской филологии
100 1_ a Автор Александрова Елена Владиславовна
q Полное имя Александрова Е. В.
245 10 a Заглавие Лингвокультурологическая общность и специфика английских, немецких и русских фитофразеологизмов
260 a Место издания Тверь
b Издательство Тверской государственный университет
520 0_ a Аннотация Содержанием данной статьи является исследование данных фразеологического фонда английского, немецкого и русского языков с целью установления межъязыковых сходств и различий в фитофразеологизмах
653 0_ a Ключевые слова Лингвокультурология
a Ключевые слова Фразеология
a Ключевые слова Фитофразеологизмы
a Ключевые слова Английский язык
a Ключевые слова Немецкий язык
a Ключевые слова Русский язык
a Ключевые слова Труды Тверского государственного университета
773 18 w Контрольный № источника b04eaa76-04ec-11db-b02a-008048b56a28
t Название источника Язык и его функционирование в межкультурной коммуникации
d Место и дата издания Тверь : Тверской государственный университет, 2006
g Прочая информация С. 4-7
901 t Тип документа a
920 a Оператор Корж